|
|
|
|
| LEADER |
01323nam a22003614a 4500 |
| 001 |
EBC221265 |
| 003 |
MiAaPQ |
| 005 |
20200520144314.0 |
| 006 |
m o d | |
| 007 |
cr cn||||||||| |
| 008 |
040909s2004 njua sb 001 0 eng |
| 010 |
|
|
|z 2004021371
|
| 020 |
|
|
|z 0471648558 (cloth)
|
| 035 |
|
|
|a (MiAaPQ)EBC221265
|
| 035 |
|
|
|a (Au-PeEL)EBL221265
|
| 035 |
|
|
|a (CaPaEBR)ebr10114167
|
| 035 |
|
|
|a (CaONFJC)MIL27310
|
| 035 |
|
|
|a (OCoLC)57440124
|
| 040 |
|
|
|a MiAaPQ
|c MiAaPQ
|d MiAaPQ
|
| 050 |
|
4 |
|a HD62.15
|b .D74 2004
|
| 082 |
0 |
4 |
|a 658.4/013
|2 22
|
| 245 |
0 |
0 |
|a Driving your company's value
|h [electronic resource] :
|b strategic benchmarking for value /
|c Michael J. Mard ... [et al.].
|
| 260 |
|
|
|a Hoboken, N.J. :
|b John Wiley & Sons,
|c c2004.
|
| 300 |
|
|
|a xiv, 193 p. :
|b ill.
|
| 504 |
|
|
|a Includes bibliographical references and index.
|
| 533 |
|
|
|a Electronic reproduction. Ann Arbor, MI : ProQuest, 2015. Available via World Wide Web. Access may be limited to ProQuest affiliated libraries.
|
| 650 |
|
0 |
|a Benchmarking (Management)
|
| 650 |
|
0 |
|a Economic value added.
|
| 650 |
|
0 |
|a Strategic planning.
|
| 655 |
|
4 |
|a Electronic books.
|
| 700 |
1 |
|
|a Mard, Michael J.
|
| 710 |
2 |
|
|a ProQuest (Firm)
|
| 856 |
4 |
0 |
|u https://ebookcentral.proquest.com/lib/matrademy/detail.action?docID=221265
|z Click to View
|